Statystyki dla Kształty państw z jednym sąsiadem

Kliknij tutaj aby rozwiązać quiz!

Ogólne statystyki

  • Ten quiz został rozwiązany 11 899 razy
  • Średni wynik to 9 z 17

Statystyki odpowiedzi

Odpowiedź% Poprawnych
Kanada
98%
Wielka Brytania
93%
Portugalia
78%
Dania
74%
Irlandia
71%
Papua-Nowa Gwinea
66%
Watykan
65%
Korea Południowa
57%
Monako
57%
Gambia
52%
Haiti
43%
San Marino
40%
Lesotho
34%
Dominikana
31%
Timor Wschodni
31%
Katar
28%
Brunei
23%

Rozkład punktacji

Percentyl według liczby udzielonych odpowiedzi

Procent ludzi z każdym wynikiem

Twoja historia wyników

Nie rozwiązałeś tego quizu